000 00986nam a22002177a 4500
005 20240530110508.0
008 151024s2010 ua ao g 000 p ara d
017 _a2010/43835
_bمصر . دار الكتب المصرية
040 _aEG-CaGPL
082 0 4 _221
_a818.02\
_bم ك
100 0 _aمحمود الدسوقى .
245 1 0 _aكوهين و صدام و الصباح فى الصعيد :
_bكتاب كوهين مر من خلال دمغة بوستة : رحلة فى خطابات التجار اليهود : و امير عاشق فى الصعيد /
_cتحقيق صحفى محمود الدسوقى .
250 _aط1.
260 _aالقاهرة ،
_c2010 .
300 _a128 ص :
_bايض ؛
_c24 سم .
600 0 _aجابر عبدالله الصباح
_vخطابات .
650 0 4 _aالتجارة اليهودية
_zمصر .
650 0 4 _aاليهود
_xالاحوال الاجتماعية
_zمصر .
942 _2ddc
_cBK
999 _c61617
_d61617